¡Que viva la música! / (Registro nro. 3501)
[ vista simple ]
| 000 -LEADER | |
|---|---|
| fixed length control field | 00854nam a2200205Ia 4500 |
| 003 - CONTROL NUMBER IDENTIFIER | |
| control field | OSt |
| 005 - DATE AND TIME OF LATEST TRANSACTION | |
| control field | 20250410163820.0 |
| 008 - FIXED-LENGTH DATA ELEMENTS--GENERAL INFORMATION | |
| fixed length control field | 191128s1990 ck er 000 f spa d |
| 040 ## - CATALOGING SOURCE | |
| Original cataloging agency | CO-JMCR |
| Transcribing agency | CO-JMCR |
| 041 ## - LANGUAGE CODE | |
| Language code of text/sound track or separate title | spa |
| 082 04 - DEWEY DECIMAL CLASSIFICATION NUMBER | |
| Classification number | A-N |
| Item number | CAIq |
| 100 1# - MAIN ENTRY--PERSONAL NAME | |
| Personal name | Caicedi, Andrés, |
| Dates associated with a name | 1957-1977 |
| Relator term | autor |
| 9 (RLIN) | 6381 |
| 245 11 - TITLE STATEMENT | |
| Title | ¡Que viva la música! / |
| Statement of responsibility, etc. | Andrés Caicedo |
| 260 ## - PUBLICATION, DISTRIBUTION, ETC. | |
| Place of publication, distribution, etc. | Bogotá : |
| Name of publisher, distributor, etc. | editorial Victor Hugo, |
| Date of publication, distribution, etc. | 1990 |
| 300 ## - PHYSICAL DESCRIPTION | |
| Extent | 191 páginas ; |
| Dimensions | 24 cm. |
| 500 ## - GENERAL NOTE | |
| General note | Incluye datos biográficos del autor en contraportada |
| 520 ## - SUMMARY, ETC. | |
| Summary, etc. | "Esta novela es un manuscrito de las memorias que ha terminado María del Carmen Huerta, una adolecente burguesa, miembro de la juventud perdida de Cali. Su monólogo, que tiene un ritmo vertiginoso de una catarata desbordada, es cómico, triste, delirante. |
| 650 14 - SUBJECT ADDED ENTRY--TOPICAL TERM | |
| Topical term or geographic name entry element | Novela Colombiana |
| 9 (RLIN) | 6382 |
| 942 ## - ADDED ENTRY ELEMENTS (KOHA) | |
| Source of classification or shelving scheme | Dewey Decimal Classification |
| Koha item type | Books |
| Withdrawn status | Lost status | Source of classification or shelving scheme | Damaged status | Not for loan | Collection code | Home library | Current library | Date acquired | Source of acquisition | Cost, normal purchase price | Total Checkouts | Total Renewals | Full call number | Barcode | Date last seen | Date last checked out | Copy number | Koha item type | Public note |
|---|---|---|---|---|---|---|---|---|---|---|---|---|---|---|---|---|---|---|---|
| Dewey Decimal Classification | Fiction | Biblioteca Pública José María del Castillo y Rada | Biblioteca Pública José María del Castillo y Rada | 11/28/2019 | Donación | 0.00 | 8 | 11 | A-N CAIq | 201807353 | 02/21/2024 | 02/21/2024 | Ej. 1 | Books | Exlibris : felipe trujillo |